[Event "Olympiad Women 2024"]
[Site "Budapest HUN"]
[Date "2024.09.22"]
[Round "11.64"]
[Board "3"]
[White "Castro, Neusa Aridas De"]
[Black "Yaqoob, Wafa"]
[Result "1-0"]
[WhiteElo "1684"]
[BlackElo "1438"]
[PlyCount "73"]
[EventDate "2024.09.11"]
[WhiteTeam "Mozambique"]
[BlackTeam "Bahrain"]
[WhiteTeamCountry "MOZ"]
[BlackTeamCountry "BHN"]

1. e4 c5 2. Nf3 a6 3. d4 cxd4 4. Nxd4 Nf6 5. Bd3 e5 6. Nf3 d6 ({RR} 6... h6 7. O-O Nc6 8. c4 Bc5 9. Nc3 d6 10. h3 O-O 11. a3 Be6 12. b4 Ba7 13. Qe2 Nh5 14. Kh2 Nf4 15. Bxf4 exf4 16. Rfd1 Nd4 17. Nxd4 Bxd4 18. Rac1 Qh4 19. Rd2 Be5 20. Nd5 f3+ {0-1 Kiss,L (2275)-Eingorn,V (2600) Graz op 1995 (9)}) 7. Nbd2 $146 ({RR} 7. O-O Be7 8. Nc3 O-O 9. Re1 Nbd7 10. h3 b5 11. a3 Bb7 12. Bf1 Nc5 13. Nd2 Rc8 14. b4 Ne6 15. Bb2 Qb6 16. g3 Rfd8 17. Bg2 h5 18. Nd5 Bxd5 19. exd5 Nd4 20. c3 Nf5 21. Qf3 g6 {0-1 Cunha,L (2286)-Gauche,C (2233) Forquilhinha op 2013 (7)}) ({RR} 7. c4 Be7 8. O-O Bg4 9. Be3 Nbd7 10. Nbd2 O-O 11. Rc1 Nc5 12. Bb1 Qc7 13. Qe2 a5 14. b3 Qc6 15. Bg5 h6 16. Bh4 Ne6 17. Qe3 Rfe8 18. h3 Bh5 19. Rfe1 Nd7 20. Bxe7 Rxe7 21. Nh4 Bg6 {1-0 Tobon,S (1912)-Narvaez,F (2057) XXXI Feria de las Flores 2024 (4.18)}) ({RR} 7. O-O h6 8. h3 Be6 9. Qe2 Nc6 10. Rd1 Rc8 11. c3 g5 12. a4 Rg8 13. Nfd2 g4 14. h4 g3 15. fxg3 Nh5 16. Bc4 Nxg3 17. Qf3 Qxh4 18. Bxe6 fxe6 19. Na3 Rc7 20. b4 Rf7 {0-1 Halkiadakis,M (1784)-Stavropoulos,K (2007) GRE-chT 44th 2016 (2.10)}) ({RR} 7. h3 Be7 8. c4 O-O 9. Nc3 Nbd7 10. O-O b6 11. a3 Nc5 12. Bc2 Bb7 13. Qe2 h6 14. b4 Ne6 15. Be3 Nd7 16. Rfd1 Qc7 17. Rac1 Rac8 18. Nd5 Qd8 19. Ba4 Bxd5 20. cxd5 Rxc1 21. Rxc1 Ng5 {1-0 Sarkozi,S (1677)-Hornak,P (1781) SVK-chT4 A22 1718 2017 (5.4)}) 7... Be7 8. O-O O-O 9. Re1 Be6 10. Nf1 Nbd7 11. Ng3 Nc5 12. Ng5 Nxd3 13. cxd3 Rc8 14. Nxe6 fxe6 15. Qb3 Qd7 16. h3 Kh8 17. Bd2 Rf7 18. Rac1 Rcf8 19. Rc2 d5 20. Ba5 Bd8 21. Bxd8 Qxd8 22. exd5 exd5 23. Rxe5 Qd6 24. Rce2 Qc7 25. Qd1 Qd8 26. d4 Re8 27. Qe1 Rxe5 28. Rxe5 Rf8 29. Qb4 Rf7 30. Nf5 Ne4 31. f3 Nf6 32. Nd6 Rc7 33. Kh2 Qf8 34. Qa3 Rd7 35. Re6 Re7 36. Nf5 Rf7 37. Qe3 1-0

[Event "Olympiad Women 2024"]
[Site "Budapest HUN"]
[Date "2024.09.22"]
[Round "11.64"]
[Board "4"]
[White "Obaid, Sondos"]
[Black "Sandramo, Chineva Rufino"]
[Result "0-1"]
[WhiteElo "1457"]
[BlackElo "1524"]
[PlyCount "130"]
[EventDate "2024.09.11"]
[WhiteTeam "Bahrain"]
[BlackTeam "Mozambique"]
[WhiteTeamCountry "BHN"]
[BlackTeamCountry "MOZ"]

1. d4 d5 2. Nf3 Nf6 3. Bf4 c5 4. e3 Nc6 5. Nbd2 a6 ({RR} 5... Nh5 6. dxc5 Nxf4 7. exf4 g6 8. Bb5 Bg7 9. c3 O-O 10. O-O Qc7 11. g3 d4 12. Bxc6 dxc3 13. Be4 cxd2 14. Qxd2 Qxc5 15. Rac1 Qb6 16. b3 Rd8 17. Qe3 Qa5 18. Rfd1 Be6 19. Bxb7 Rxd1+ 20. Rxd1 {0-1 Paravyan,D (2610)-Nakamura,H (2794) Titled Tue 11th Jun Late 2024 (4)}) 6. c3 Bf5 $146 ({RR} 6... b6 7. Ne5 Bb7 8. Nxc6 Bxc6 9. Nf3 e6 10. Ne5 Bb7 11. Bd3 Be7 12. Qf3 O-O 13. Qh3 g6 14. Bh6 Re8 15. Qf3 Bf8 16. Bg5 Be7 17. h4 h5 18. Rh3 Kg7 19. Rg3 Rh8 20. Bxg6 fxg6 21. Bxf6+ {1-0 Zorko,J (2457)-Rigopoulos Tsigkos,A (2117) EU-ch rapid Katowice 2017 (4)}) ({RR} 6... Bg4 7. Bd3 e6 8. O-O Bd6 9. dxc5 Bxc5 10. Qe2 e5 11. Bg5 e4 12. Bxe4 dxe4 13. Nxe4 Be7 14. Rad1 Qa5 15. b4 Qb5 16. c4 Qf5 17. Bxf6 Qxe4 18. Bxe7 Qxe7 19. h3 Bxf3 20. Qxf3 Nxb4 21. Rd4 {0-1 Sukandar,I (2349)-Skliarov,V (2349) Titled Tue 20th Feb Early 2024 (8)}) ({RR} 6... c4 7. Qc2 e6 8. Be2 Be7 9. h3 O-O 10. g4 Nd7 11. h4 e5 12. Bg3 e4 13. Ne5 Ndxe5 14. dxe5 Nxe5 15. Bxe5 Bf6 16. Bxf6 Qxf6 17. g5 Qg6 18. O-O-O b5 19. f3 f6 20. gxf6 Rxf6 21. fxe4 {1-0 Uno,P-Hamilton,D Internet Section 08B g/8'+2" blitz 2004 (7)}) 7. Be2 e6 8. O-O Be7 9. h3 O-O 10. Ne5 Rc8 11. Qb3 Na5 12. Qd1 c4 13. Rc1 b5 14. Bg4 Nxg4 15. hxg4 Bg6 16. Nxg6 hxg6 17. Re1 Bd6 18. Bxd6 Qxd6 19. e4 Rfe8 20. exd5 exd5 21. Qf3 Re6 22. Nf1 Rf6 23. Qh3 Re6 24. Re3 Nc6 25. Rce1 Rce8 26. Qf3 a5 27. Nd2 b4 28. Qh3 Rxe3 29. Rxe3 Rxe3 30. Qxe3 Qe6 31. Qxe6 fxe6 32. Nf3 Kf7 33. Kh2 Kf6 34. Kg3 g5 35. Nd2 e5 36. dxe5+ Nxe5 37. f4 gxf4+ 38. Kxf4 Nd3+ 39. Ke3 Nxb2 40. cxb4 axb4 41. Kd4 Ke6 42. g3 Nd3 43. Nf1 Nc1 44. Ne3 Nxa2 45. Nxd5 c3 46. Nf4+ Kd6 47. Ne2 c2 48. Kc4 c1=Q+ 49. Nxc1 Nxc1 50. Kxb4 Ne2 51. Kc4 Ke5 52. Kd3 Nxg3 53. Ke3 g5 54. Kf3 Ne4 55. Kg2 Kf4 56. Kh3 Nf2+ 57. Kg2 Nxg4 58. Kg1 Ne3 59. Kf2 g4 60. Kg1 g3 61. Kh1 Kf3 62. Kg1 g2 63. Kh2 Kf2 64. Kh3 g1=Q 65. Kh4 Qg4# 0-1

[Event "Olympiad Women 2024"]
[Site "Budapest HUN"]
[Date "2024.09.22"]
[Round "11.65"]
[Board "2"]
[White "Thomas, Nelissa"]
[Black "Majid, Zara"]
[Result "0-1"]
[WhiteElo "1631"]
[BlackElo "1411"]
[PlyCount "88"]
[EventDate "2024.09.11"]
[WhiteTeam "Bahamas"]
[BlackTeam "Cayman Islands"]
[WhiteTeamCountry "BAH"]
[BlackTeamCountry "CAY"]

1. e4 d6 2. d4 Nf6 3. f3 g6 4. Be3 Bg7 5. Qd2 Nbd7 6. Nc3 c6 7. Bh6 Bxh6 8. Qxh6 Qa5 ({RR} 8... e5 9. O-O-O {½-½ Matsuura,E (2502)-Bachmann,A (2470) BRA Southeast Region-ch 2007 (7)}) 9. O-O-O ({RR} 9. h4 b5 10. Qg5 h6 11. Qd2 Ba6 12. Bd3 b4 13. Nce2 Rb8 14. Bxa6 Qxa6 15. h5 g5 16. Ng3 e6 17. N1e2 b3 18. c3 Nb6 19. O-O Nc4 20. Qd3 bxa2 21. b4 d5 22. Nc1 Qb6 23. Rxa2 a5 {0-1 Flackus,S-Simon,E (2029) 32nd Schlosspark Open 2023 (3.34)}) 9... Qh5 10. Qe3 O-O $146 ({RR} 10... h6 11. Kb1 Qa5 12. Bc4 b5 13. Bb3 Qb6 14. Qf4 g5 15. Qd2 a5 16. a4 bxa4 17. Nxa4 Qb4 18. Ne2 Rb8 19. e5 Qxd2 20. Rxd2 dxe5 21. dxe5 Nxe5 22. h4 Ng6 23. hxg5 hxg5 24. Rhd1 Ba6 25. Nd4 {½-½ Campers,W (1649)-Andries,C (1950) San Francisco TNM Spring op 2012 (8)}) 11. h4 Qa5 12. g4 h5 13. Be2 Kg7 14. Kb1 Rh8 15. f4 Nxg4 16. Bxg4 hxg4 17. f5 gxf5 18. Qg5+ Kf8 19. Rf1 Nf6 20. exf5 Rh5 21. Qe3 Rxf5 22. Nge2 Rxf1+ 23. Rxf1 Qh5 24. Ng3 Qh7 25. Re1 Be6 26. Rf1 Ke8 27. Qg5 Kd7 28. h5 Rg8 29. Qa5 a6 30. Na4 Nd5 31. Rc1 f5 32. Ka1 f4 33. c4 Ne3 34. Nb6+ Ke8 35. Qe1 Nc2+ 36. Rxc2 Qxc2 37. Ne4 Kf7 38. d5 cxd5 39. Nxd5 Bxd5 40. cxd5 Rc8 41. Nc3 Qf5 42. Ne4 Qxd5 43. Qh1 f3 44. Ng3 Qd2 0-1

[Event "Olympiad Women 2024"]
[Site "Budapest HUN"]
[Date "2024.09.22"]
[Round "11.65"]
[Board "3"]
[White "Patil, Anvita Niranjan"]
[Black "Johnson, Daijah"]
[Result "1-0"]
[WhiteElo "1589"]
[BlackElo "1625"]
[PlyCount "63"]
[EventDate "2024.09.11"]
[WhiteTeam "Cayman Islands"]
[BlackTeam "Bahamas"]
[WhiteTeamCountry "CAY"]
[BlackTeamCountry "BAH"]

1. e4 c5 2. Nf3 Nc6 3. d4 cxd4 4. Nxd4 e6 5. Be3 a6 6. Bd3 Qc7 7. Nc3 Bb4 ({RR} 7... Bd6 8. Nxc6 dxc6 9. Qg4 Kf8 10. O-O-O Nf6 11. Qh4 e5 12. Bg5 Qe7 13. f4 h6 14. Rhg1 Rg8 15. fxe5 hxg5 {½-½ Sax,G (2563)-Cvitan,O (2541) BIH-chT Neum 2000 (5)}) 8. Qd2 ({RR} 8. Nxc6 bxc6 9. Bd2 Ne7 10. O-O O-O 11. Qg4 d5 12. exd5 Bxc3 13. Bxc3 e5 14. Qe4 f5 15. Qxe5 Qxe5 16. Bxe5 Nxd5 17. Bc4 Bb7 18. Bxd5+ cxd5 19. Rfd1 Rfe8 20. Re1 Rac8 21. Bc3 Rxe1+ 22. Rxe1 Kf7 {½-½ Eveleen Kaur Sekhon-Aishwarya N (1498) Swiss Queens Wed #30 2024 (11.3)}) 8... Nge7 9. O-O $146 ({RR} 9. a3 Ba5 10. O-O O-O 11. Bf4 Bxc3 12. bxc3 d6 13. Nxc6 Qxc6 14. e5 dxe5 15. Bxe5 f6 16. Bd6 Rf7 17. Be2 Nf5 18. Bb4 Rd7 19. Qe1 a5 20. Bf3 Qb6 21. Bg4 Rd5 22. Bxf5 Rxf5 23. Be7 Kf7 {0-1 Steinhauser,F (1775)-Hejl,J (1872) Strmilov op 2004 (6)}) 9... Nxd4 10. Bxd4 e5 11. Be3 Bxc3 12. Qxc3 Qxc3 13. bxc3 d6 14. Rab1 b5 15. c4 O-O 16. Rb2 Be6 17. cxb5 axb5 18. Bxb5 Bxa2 19. c4 Rfb8 20. Ra1 Bb3 21. Rxa8 Rxa8 22. g3 Bd1 23. Kg2 Bg4 24. Rd2 f5 25. f3 Bh5 26. Rxd6 fxe4 27. fxe4 Rf8 28. Kh3 Bf3 29. c5 Bxe4 30. c6 Rc8 31. Bc4+ Kh8 32. c7 1-0

[Event "Olympiad Women 2024"]
[Site "Budapest HUN"]
[Date "2024.09.22"]
[Round "11.66"]
[Board "1"]
[White "Lyons, Kieran"]
[Black "Magne Kouokam Sylviane"]
[Result "0-1"]
[WhiteElo "1818"]
[BlackElo "1587"]
[PlyCount "124"]
[EventDate "2024.09.11"]
[WhiteTeam "Fiji"]
[BlackTeam "Cameroon"]
[WhiteTeamCountry "FIJ"]
[BlackTeamCountry "CAM"]

1. e4 {Bartel,Mateusz} e5 2. Nf3 Nc6 3. Bc4 Nf6 4. Ng5 d5 5. exd5 Na5 6. Bb5+ c6 7. dxc6 bxc6 8. Bd3 Nd5 ({RR} 8... Ng4) 9. h4 Nf4 ({RR} 9... Be7 10. Qf3 f5 11. Bxf5 Rf8 12. g4 ({RR} 12. Qh5+ g6 13. Bxg6+ hxg6 14. Qxg6+ Kd7 15. d3) 12... g6 13. Nxh7 gxf5 14. Nxf8 e4 15. Qg2 Bxf8) 10. Bf1 f6 ({RR} 10... Qd5 11. Qf3 ({RR} 11. Rg1 Bc5 12. d3 ({RR} 12. Nc3 Bxf2+ 13. Kxf2 Qd4+) 12... Qd8 13. g3 Nd5) 11... h6 ({RR} 11... f6 12. Nc3 Qxf3 13. Nxf3) 12. Qxd5 ({RR} 12. Nc3 Qd7 13. Nh3 ({RR} 13. Nge4 f5 14. Ng3 Bd6) 13... Ne6) 12... cxd5 ({RR} 12... Nxd5) 13. Nf3 e4 14. d3 Ne6 ({RR} 14... Nxd3+ 15. Bxd3 ({RR} 15. cxd3 exf3) 15... exd3 16. cxd3) ({RR} 14... Ng6 15. dxe4 dxe4 16. Nd4 Bc5 17. Be3 O-O) 15. dxe4 dxe4 16. Bb5+ Ke7 ({RR} 16... Bd7 17. Bxd7+ Kxd7 18. Ne5+ Ke7 19. Bd2 Nd4 20. Bxa5 Nxc2+ 21. Ke2 Nxa1 22. Na3 Ke6 23. Nec4) 17. Ne5 Nd4 18. Ba4 Kf6 19. c3 Ne6 ({RR} 19... Kxe5 20. cxd4+ Kxd4 21. Bd2 ({RR} 21. Bf4) 21... Nc4 22. Bc3+ Kc5 23. O-O) 20. Ng4+ Kg6 21. h5+ Kh7 22. Bc2 f5 23. Ne5 Nb7 24. Ng6 ({RR} 24. Nd2 Nbc5 25. Ndc4) 24... Rg8 25. Be3 {½-½ Piorun,K (2655)-Bartel,M (2625) POL-ch Poznan 2016 (6)}) ({RR} 10... h6 11. Nf3 ({RR} 11. Ne4 Ne6 ({RR} 11... f5 12. g3 fxe4 13. gxf4 Bf5 14. fxe5 Bc5 15. Qh5+ g6 16. Qe2 O-O) 12. d3 Be7) 11... Bd6 12. d3 ({RR} 12. g3 e4 13. gxf4 exf3 14. Qxf3 O-O) 12... Qe7 13. g3 e4 14. dxe4 Qxe4+ 15. Be3 Nd5) ({RR} 10... Bc5 11. Nc3 ({RR} 11. c3 h6 12. Nf3 Qe7 13. b4 Bg4) 11... O-O 12. d3 h6 13. Nge4 Bd4) ({RR} 10... h6 11. Ne4 Nd5 12. d4 Bf5 13. Ng3 Bh7 14. dxe5 Nb4 15. Na3 Bc5 16. Be2 Qb6 17. O-O Rd8 18. Bd2 Rd5 19. Bf3 Rxe5 20. Bc3 Re6 21. Bxg7 Rg8 22. Nh5 Nd5 23. c4 Ne7 24. Nf6+ Rxf6 25. Bxf6 {1-0 Gaivoronskii,A (2084)-Azaric,S (2124) IM SWISS MIX Grocka 1 2024 (4.11)}) 11. Ne4 Bf5 $146 ({RR} 11... f5 12. Ng5 Bd6 13. d3 O-O 14. Bxf4 exf4 15. Be2 Rb8 16. O-O Rxb2 17. Nd2 h6 18. Ngf3 Rb4 19. c3 Rb2 20. d4 Be6 21. Qa4 Bd5 22. Bd3 Bc7 23. c4 Rxd2 24. Nxd2 Bxg2 25. Kxg2 Qxh4 26. Rfe1 {0-1 Rjabzev,K (2279)-Docx,S (2398) Brasschaat op 12th 2012 (8)}) ({RR} 11... f5 12. Ng3 Bd6 13. d3 O-O 14. Nc3 Nb7 15. Be3 Ne6 16. Bd2 Nd4 17. Nge2 Nc5 18. Nxd4 exd4 19. Ne2 Be5 20. f4 Bf6 21. g3 Qd5 22. Rg1 Re8 23. Bg2 Qd6 24. Kf2 Be6 25. Re1 a5 26. Ng1 {0-1 Fakhrutdinov,T (2472)-Balashov,Y (2429) RUS-ch blitz 2018 (19.25)}) ({RR} 11... f5 12. g3 Ne6 13. Nec3 Bc5 14. Bg2 O-O 15. d3 f4 16. Ne4 fxg3 17. fxg3 Bb6 18. Nbc3 Nd4 19. Bg5 Qe8 20. Nd6 Qe6 21. Nxc8 Raxc8 22. Ne4 h6 23. Bd2 Rcd8 24. c3 Nf5 25. b4 Nc4 26. Qb3 {1-0 Yoo,C (2466)-Paravyan,D (2631) Titled Tuesday intern op 17th Aug blitz 2021 (7)}) 12. Nbc3 Qd4 13. d3 h5 14. Be3 Qb4 15. Bxf4 exf4 16. Qc1 Bd6 17. Nxd6+ Qxd6 18. Be2 O-O 19. Bxh5 Rae8+ 20. Bxe8 Rxe8+ 21. Kf1 Bg4 22. f3 Bh5 23. Qd2 Nc4 24. Qf2 Ne3+ 25. Kg1 f5 26. Re1 Re6 27. Nd1 Qd4 28. c3 Qxd3 29. Nxe3 fxe3 30. Qe2 Qd5 31. c4 Qd4 32. Rd1 Qf4 33. Rd3 Kh7 34. b3 c5 35. Kf1 Qh6 36. g3 f4 37. g4 Be8 38. Rd5 Qf6 39. Rxc5 Bc6 40. Rf5 Qc3 41. Rxf4 Rd6 42. Qe1 Rd2 43. Rh2 Qd3+ 44. Kg1 Rd1 45. Re2 Rxe1+ 46. Rxe1 e2 47. Kf2 Qd2 48. Rf5 Qxa2 49. Rxe2 Qxb3 50. Ree5 Qxc4 51. h5 Qc2+ 52. Kg3 Qd1 53. Rc5 Qd6+ 54. Rfe5 a6 55. g5 Bb5 56. Kh4 Qd4+ 57. Kg3 Qg1+ 58. Kf4 Qd4+ 59. Kg3 Qg1+ 60. Kf4 Qd4+ 61. Kf5 Bd7+ 62. Re6 Qxc5+ 0-1

[Event "Olympiad Women 2024"]
[Site "Budapest HUN"]
[Date "2024.09.22"]
[Round "11.66"]
[Board "2"]
[White "Danwe Maissiri Carole"]
[Black "Terubea, Cydel"]
[Result "0-1"]
[WhiteElo "1456"]
[BlackElo "1681"]
[PlyCount "88"]
[EventDate "2024.09.11"]
[WhiteTeam "Cameroon"]
[BlackTeam "Fiji"]
[WhiteTeamCountry "CAM"]
[BlackTeamCountry "FIJ"]

1. e4 d5 2. exd5 Nf6 3. Nf3 Nxd5 4. d4 e6 5. Bd3 ({RR} 5. c4 Nb6 6. Nc3 Be7 7. Be3 Nc6 8. Be2 O-O 9. O-O Bf6 10. Ne4 Be7 11. Qd2 a5 12. Rad1 a4 13. d5 Nb8 14. Qc2 exd5 15. c5 Bf5 16. Nf6+ Bxf6 17. Qxf5 Qc8 18. Qc2 N6d7 19. Rxd5 Nc6 {½-½ Van der Vorm,T (2372)-Schwartz,A (2234) NED-chT 9900 2000 (7)}) 5... Be7 6. a3 ({RR} 6. O-O b6 7. Ne5 Nf6 8. Bb5+ Kf8 9. Bc4 Bb7 10. Qe2 a6 11. Nxf7 Kxf7 12. Qxe6+ Ke8 13. Qf7+ Kd7 14. Qe6+ Ke8 15. Qf7+ Kd7 16. Be6+ Kc6 17. d5+ Kb5 18. a4+ Ka5 19. Bd2+ Bb4 20. c3 Bd6 {1-0 Labussiere,Y (2179)-De Miranda,A (2079) Gojas State-ch 2021 (1)}) 6... c6 $146 ({RR} 6... Nd7 7. Qe2 c5 8. c4 Nc7 9. dxc5 Nxc5 10. Bc2 Bf6 11. O-O O-O 12. Nc3 b6 13. Bf4 Bb7 14. Rad1 Qc8 15. Ne5 Rd8 16. b4 Nd7 17. Bxh7+ Kf8 18. Nxf7 Kxf7 19. Qh5+ Kf8 20. Ne4 Ne8 21. Bd6+ {1-0 Zunker,R (2203)-Niebaum,K (1775) Moselpokal Seniors 10th 2002 (1)}) ({RR} 6... Nf6 7. O-O O-O 8. b3 b6 9. Nbd2 Bb7 10. Bb2 Qd5 11. Re1 Nbd7 12. Ne4 Qh5 13. Ng3 Bxf3 14. Nxh5 Bxd1 15. Nxf6+ Bxf6 16. Raxd1 c5 17. Bb5 Rad8 18. c3 cxd4 19. cxd4 Nb8 20. a4 Rc8 21. g3 {1-0 Coppola,G (2065)-Lancianese,G (1806) CO Province-ch 2008 (6)}) 7. O-O O-O 8. c4 Nf6 9. Nc3 Nbd7 10. Re1 h6 11. Bf4 Re8 12. Qc2 Nh5 13. Be3 Qc7 14. Ne4 Nf4 15. Bxf4 Qxf4 16. Qd2 Qxd2 17. Nexd2 c5 18. dxc5 Nxc5 19. Bc2 Bf6 20. Rab1 Rd8 21. Red1 Bd7 22. b4 Na6 23. Ne4 Be7 24. Rd2 Be8 25. Rbd1 Rxd2 26. Rxd2 Rc8 27. c5 Nc7 28. Nd6 Bxd6 29. Rxd6 Nb5 30. Rd3 f6 31. Nd4 Nxd4 32. Rxd4 Kf7 33. Kf1 Ke7 34. Ke2 b6 35. cxb6 Rxc2+ 36. Kd3 Bg6+ 37. Ke3 axb6 38. a4 Ra2 39. b5 Bc2 40. Rc4 Bxa4 41. Rc7+ Kf8 42. Ra7 Bb3 43. Rxa2 Bxa2 44. Kd4 Ke7 0-1

[Event "Olympiad Women 2024"]
[Site "Budapest HUN"]
[Date "2024.09.22"]
[Round "11.66"]
[Board "3"]
[White "Prasad, Tanvi"]
[Black "Tchouateu Tankeu Stephanie"]
[Result "0-1"]
[WhiteElo "1564"]
[BlackElo "1565"]
[PlyCount "106"]
[EventDate "2024.09.11"]
[WhiteTeam "Fiji"]
[BlackTeam "Cameroon"]
[WhiteTeamCountry "FIJ"]
[BlackTeamCountry "CAM"]

1. b3 e5 2. Bb2 Nc6 3. e3 Nf6 4. Bb5 Bd6 5. Bxc6 dxc6 6. h3 $146 ({RR} 6. d3 Bg4 7. Nf3 Qe7 8. Nbd2 O-O-O 9. O-O Kb8 10. h3 Bh5 11. c4 Bb4 12. g4 Nxg4 13. hxg4 Bxg4 14. Ne4 f5 15. Ng3 e4 16. Nxf5 Bxf5 17. Nh2 Qh4 18. Be5 Rxd3 19. Bg3 Qf6 20. Qh5 Qg6 {0-1 Jane Besora,J (1801)-Martin Perez,L (1946) ESP-ch U14 Padron 2011 (9)}) ({RR} 6. d3 O-O 7. Nd2 Re8 8. e4 Nd7 9. Ne2 Nf8 10. O-O Ne6 11. Kh1 c5 12. Nc4 f6 13. Ne3 a5 14. a4 Nd4 15. Ng3 Be6 16. Nef5 Bf8 17. f4 Bxf5 18. exf5 exf4 19. Ne4 Nxf5 20. Rxf4 Nd4 {1-0 Nakamura,H (2774)-Ponomariov,R (2754) Saint Louis m1 rap rapid 2011 (2)}) ({RR} 6. d3 O-O 7. Nd2 Qe7 8. e4 Ba3 9. Bxa3 Qxa3 10. Ngf3 Re8 11. Nc4 Qc5 12. h3 b5 13. Ne3 Qc3+ 14. Nd2 Be6 15. O-O a5 16. a4 Red8 17. f4 exf4 18. Rxf4 Qd4 19. Qe2 Qxa1+ 20. Kh2 Qe5 {0-1 Molinaroli,M (2148)-Martinez Pla,X (2261) Titled Tue 20th Aug Late 2024 (6)}) ({RR} 6. d3 O-O 7. Nd2 Qe7 8. a4 Bg4 9. Ne2 Nd5 10. O-O f5 11. e4 fxe4 12. Nxe4 Bh5 13. Bc1 Nf4 14. f3 Bg6 15. Nxf4 exf4 16. Bb2 Rae8 17. Qd2 Bb4 18. Bc3 Bc5+ 19. Kh1 Be3 20. Qe1 c5 {1-0 Gonzalez Rodriguez,J (2434)-Lacasta Palacio,J (2180) Barcelona Sant Marti op 13th 2011 (3)}) ({RR} 6. d3 O-O 7. Nd2 Bg4 8. f3 Bh5 9. e4 Nd7 10. Ne2 Bc5 11. g4 Bg6 12. h4 h6 13. Nc4 Qe7 14. Qd2 Rfd8 15. a3 b5 16. Ne3 Nf6 17. Ng3 h5 18. Nef5 Qe6 19. Qe2 a5 20. O-O-O a4 {1-0 Gonzalez Rodriguez,J (2434)-Cruz,J (2406) Barcelona Sant Marti op 13th 2011 (9)}) 6... e4 7. Ne2 O-O 8. d3 Re8 9. dxe4 Nxe4 10. O-O Bd7 11. Nd2 Nf6 12. Nc4 Be6 13. Nxd6 cxd6 14. Qd4 c5 15. Qc3 h6 16. Nf4 Bf5 17. Rfd1 Rc8 18. Nd5 Re6 19. f3 Qf8 20. e4 Bg6 21. Nxf6+ Rxf6 22. Qa5 Re6 23. Qxa7 Rc7 24. Qa5 Rce7 25. Rd5 f5 26. e5 dxe5 27. Qxc5 e4 28. fxe4 fxe4 29. Qe3 Be8 30. Ba3 Qf6 31. Bxe7 Qxa1+ 32. Kh2 Rxe7 33. a4 Bc6 34. Rd8+ Kh7 35. c3 Qf1 36. a5 Qb5 37. b4 Qe5+ 38. Kg1 Rf7 39. Rd1 Rc7 40. Ra1 Rc8 41. a6 b5 42. Ra5 Rd8 43. Qe1 Ra8 44. c4 Qd4+ 45. Kh2 Qxc4 46. a7 Qf7 47. Qe3 Qc7+ 48. Kg1 Qd6 49. Rxb5 Bxb5 50. Qxe4+ Qg6 51. Qxa8 Bc6 52. Qxc6 Qxc6 53. b5 Qb6+ 0-1

[Event "Olympiad Women 2024"]
[Site "Budapest HUN"]
[Date "2024.09.22"]
[Round "11.67"]
[Board "1"]
[White "Seine, Rose Berline"]
[Black "Nihaya, Ahmed"]
[Result "1-0"]
[WhiteElo "1778"]
[BlackElo "1589"]
[PlyCount "154"]
[EventDate "2024.09.11"]
[WhiteTeam "Haiti"]
[BlackTeam "Maldives"]
[WhiteTeamCountry "HAI"]
[BlackTeamCountry "MDV"]

1. d4 Nf6 2. e3 g6 3. b3 Bg7 4. Bb2 O-O 5. Nf3 d6 6. c4 c5 7. Bd3 ({RR} 7. g3 Bg4 8. Bg2 cxd4 9. exd4 d5 10. O-O Nc6 11. h3 Bxf3 12. Bxf3 dxc4 13. bxc4 Qb6 14. Qd2 Rad8 15. c5 Qc7 16. Na3 Rd7 17. Nb5 Qd8 18. Rad1 a6 19. Bxc6 bxc6 20. Na3 Nd5 21. Nc4 Qc7 {1-0 Sochacki,C (2478)-Gareyev,T (2607) Nancy Meurthe blitz 18th 2020 (9)}) ({RR} 7. d5 e6 8. dxe6 Bxe6 9. Be2 Nc6 10. O-O d5 11. cxd5 Qxd5 12. Nc3 Qxd1 13. Rfxd1 Rfd8 14. Nb5 Nd5 15. Bxg7 Kxg7 16. Bc4 a6 17. Bxd5 axb5 18. Bxe6 fxe6 19. Rxd8 Rxd8 20. Kf1 Kf6 21. Ke2 Nb4 {0-1 Skotheim,A (2209)-Lucas,A (2338) Titled Tue 13th Feb Late 2024 (3)}) 7... cxd4 8. exd4 e5 $146 ({RR} 8... Nc6 9. a3 d5 10. O-O Bg4 11. Nbd2 Qd7 12. h3 Bh5 13. g4 Nxg4 14. hxg4 Qxg4+ 15. Kh1 Qh3+ 16. Kg1 dxc4 17. Bxc4 Bxd4 18. Bxd4 Nxd4 19. Ng5 Qh4 20. Ndf3 Nxf3+ 21. Nxf3 Qg4+ 22. Kh2 Qxf3 23. Qxf3 {0-1 Werle,J-Petrosian,T Wch U10 Szeged 1994 (2)}) ({RR} 8... Bf5 9. Bxf5 Qa5+ 10. Nc3 Qxf5 11. O-O Nc6 12. a3 Ne4 13. Nxe4 Qxe4 14. Re1 Qg4 15. Qd2 Qd7 16. d5 Bxb2 17. dxc6 bxc6 18. Qxb2 {1-0 Gavrilov,V (2079)-Telenkov,A (1827) Anapa U18 2007 (2)}) ({RR} 8... Nc6 9. a3 e5 10. Be2 e4 11. Nfd2 Re8 12. O-O Nd7 13. Nc3 Nxd4 14. Re1 f5 15. Nf1 Nc5 16. b4 Nxe2+ 17. Rxe2 Nd3 18. Qc2 Nxb2 19. Qxb2 Be6 20. Nd2 Rc8 21. Qb3 b5 22. Rc1 bxc4 23. Qa4 {0-1 Alimov,R (1752)-Grishchenko,V (2088) Voronezh op-B 13th 2009 (5)}) 9. dxe5 dxe5 10. Bxe5 Re8 11. O-O Rxe5 12. Nxe5 Qd4 13. Nd2 Qxe5 14. Nf3 Qc5 15. Rc1 Nc6 16. h3 Be6 17. Rc2 Rd8 18. Qe2 Nb4 19. Rd2 Nh5 20. Be4 Re8 21. Qd1 Qb6 22. Rd6 Qc7 23. Ng5 Be5 24. Rd2 Bc8 25. Nf3 Bf6 26. Bb1 Nf4 27. a3 Na6 28. Re1 Be6 29. Nd4 Qb6 30. Nxe6 Nxe6 31. Rd5 Nac7 32. Rd7 Bd4 33. Qf3 Ng5 34. Rxe8+ Nxe8 35. Qe2 Nf6 36. Re7 Ne6 37. Be4 Qxb3 38. Rxb7 Qxa3 39. Bd5 Qc1+ 40. Kh2 Nxd5 41. cxd5 Qf4+ 42. g3 Qxf2+ 43. Qxf2 Bxf2 44. dxe6 fxe6 45. Re7 e5 46. Rxe5 Bb6 47. Re7 Bc5 48. Rd7 a5 49. Kg2 Bb4 50. Kf3 Bc3 51. g4 Bb4 52. Ke4 Bf8 53. Ra7 Bb4 54. Kd5 Kh8 55. Ke6 Kg8 56. Rc7 Ba3 57. Kf6 Bb2+ 58. Kg5 a4 59. Kh6 a3 60. Ra7 Bc1+ 61. g5 Bb2 62. Ra8+ Kf7 63. Kxh7 Bc1 64. Ra7+ Ke6 65. Kxg6 Kd6 66. h4 Kc6 67. h5 Kb6 68. Ra4 Kb5 69. Ra8 Kb6 70. h6 Kb7 71. Ra4 Kb6 72. h7 Bb2 73. Kf7 Kb5 74. Ra8 a2 75. Rxa2 Bh8 76. g6 Kc5 77. Ke6 Kd4 1-0

[Event "Olympiad Women 2024"]
[Site "Budapest HUN"]
[Date "2024.09.22"]
[Round "11.67"]
[Board "3"]
[White "Dunat, Kineberlie"]
[Black "Aishath Iva Hassan"]
[Result "0-1"]
[WhiteElo "1582"]
[BlackElo "1422"]
[PlyCount "128"]
[EventDate "2024.09.11"]
[WhiteTeam "Haiti"]
[BlackTeam "Maldives"]
[WhiteTeamCountry "HAI"]
[BlackTeamCountry "MDV"]

1. d4 d5 2. Bf4 c5 3. e3 Nc6 4. Nf3 Bf5 5. c3 Qb6 6. Qb3 c4 7. Qxb6 axb6 8. Nbd2 e6 9. Be2 Nf6 10. Nh4 $146 ({RR} 10. h3 h6 11. Ne5 Nxe5 12. dxe5 Ne4 13. Nxe4 Bxe4 14. f3 Bg6 15. e4 b5 16. exd5 exd5 17. Be3 Be7 18. Kf2 f6 19. exf6 Bxf6 20. Rhd1 Bf7 21. a3 O-O 22. Rd2 b4 23. Bd4 Bxd4+ 24. Rxd4 bxa3 {½-½ Bakurov,V (1817)-Kononov,V (2056) RUS-ch Silent 2020 (1)}) 10... Be4 11. f3 Bg6 12. e4 b5 13. O-O b4 14. h3 b5 15. Be3 bxc3 16. bxc3 b4 17. Rfc1 bxc3 18. Rxc3 Bb4 19. Rc2 Ba3 20. Nb1 O-O 21. Nxg6 hxg6 22. e5 Nd7 23. Nxa3 Rxa3 24. Kf2 Rfa8 25. Rb2 R8a7 26. Bd1 Na5 27. Rab1 Nc6 28. Ra1 f6 29. f4 g5 30. g3 gxf4 31. gxf4 f5 32. h4 Ndb8 33. Bh5 Kf8 34. Bc1 Rh3 35. Bf3 Rxh4 36. Kg3 Rh8 37. Bd2 Kf7 38. Be3 Na6 39. Rb6 Nab4 40. Bd2 Nc2 41. Rab1 N6xd4 42. Rb7+ Rxb7 43. Rxb7+ Kg6 44. a4 Nxf3 45. Kxf3 Rh3+ 46. Kg2 Ra3 47. Rb6 Nd4 48. Bb4 Rxa4 49. Bc5 Ra2+ 50. Kf1 Rd2 51. Bxd4 Rxd4 52. Rxe6+ Kf7 53. Rd6 Rxf4+ 54. Kg2 d4 55. e6+ Ke7 56. Ra6 d3 57. Kg3 Rd4 58. Ra7+ Kxe6 59. Ra6+ Kf7 60. Ra7+ Kg8 61. Ra8+ Kh7 62. Ra1 d2 63. Rd1 c3 64. Rh1+ Kg8 0-1